000 01456cam a2200349 i 4500
001 18349739
003 EG-ScBUE
005 20230711110936.0
008 141027t2014 ohuoc f b 001 0 eng d
020 _a1440329443
020 _a9781440329449
040 _aYDXCP
_beng
_erda
_cYDXCP
_dBTCTA
_dGK8
_dOCO
_dTAC
_dVP@
_dOCLCF
_dUPZ
_dAU@
_dDLC
_dEG-ScBUE
082 0 4 _a702.81
_bMCE
_222
100 1 _aMcElroy, Darlene Olivia,
_eauthor.
_938160
245 1 0 _aAlternative art surfaces :
_bmixed media techniques for painting on more than 35 different surfaces /
_cDarlene Olivia McElroy, Sandra Duran Wilson.
250 _aFirst edition.
264 1 _aOhio :
_bNorth Light Books,
_c[2014]
264 4 _cc2014
300 _a143 pages :
_bphotographs, portraits ;
_c28 cm
336 _2rdacontent
_atext
_btxt
337 _2rdamedia
_aunmediated
_bn
338 _2rdacarrier
_avolume
_bnc
504 _aIncludes bibliographical references and index.
520 _aMixed-media powerhouse duo Darlene Olivia McElroy and Sandra Duran Wilson more than 100 techniques for working on more than 35 unique surfaces, including galvanized tin, mica, rawhide, nylon, unsanded grout, slate, spray foam and more.
590 _aSara elBakry
650 7 _aMixed media (Art)
_2BUEsh
650 7 _aMixed media painting.
_2BUEsh
653 _bCOMAME
_cJune2015
_cJuly2015
655 _vReading book
700 1 _aDuran Wilson, Sandra,
_eauthor.
942 _2ddc
_k702.81 MCE
_cBB
999 _c19620
_d19592